Advances in multi-photon processes and spectroscopy
Covers Electonic Energy Transfer in Naphthalene Anthracene Bichromophoric Molecular Systems Studies Under Supersonic Jet Cooling Conditions, Optical Detection of Angular Momentum Polarization and its Application to Photodissociation Dynamics, and Two-Dimensional Vibrational Spectroscopy
Salvato in:
| Natura: | Libro |
|---|---|
| Lingua: | Undetermined |
| Pubblicazione: |
Singapore
World Scientific
1986-
|
| Soggetti: | |
| Tags: |
Aggiungi Tag
Nessun Tag, puoi essere il primo ad aggiungerne! !
|
| Thư viện lưu trữ: | Trung tâm Học liệu Trường Đại học Cần Thơ |
|---|
| LEADER | 00921nam a2200193Ia 4500 | ||
|---|---|---|---|
| 001 | CTU_156887 | ||
| 008 | 210402s9999 xx 000 0 und d | ||
| 082 | |a 543.0858 | ||
| 082 | |b A244/Vol.2 | ||
| 245 | 0 | |a Advances in multi-photon processes and spectroscopy | |
| 245 | 0 | |c Edited by S. H. Lin | |
| 260 | |a Singapore | ||
| 260 | |b World Scientific | ||
| 260 | |c 1986- | ||
| 520 | |a Covers Electonic Energy Transfer in Naphthalene Anthracene Bichromophoric Molecular Systems Studies Under Supersonic Jet Cooling Conditions, Optical Detection of Angular Momentum Polarization and its Application to Photodissociation Dynamics, and Two-Dimensional Vibrational Spectroscopy | ||
| 650 | |a Multiphoton processes,Spectrum analysis,Laser spectroscopy,Molecular spectra | ||
| 650 | |x Quá trình đa photon,Quang phổ phân tử | ||
| 904 | |i Trọng Hiếu | ||
| 980 | |a Trung tâm Học liệu Trường Đại học Cần Thơ | ||